Normal view MARC view
  • Naila Hussain

Entry Personal Name

Number of records used in: 2

001 - CONTROL NUMBER

  • control field: 133199

003 - CONTROL NUMBER IDENTIFIER

  • control field: NUST

005 - DATE AND TIME OF LATEST TRANSACTION

  • control field: 20260216100451.0

008 - FIXED-LENGTH DATA ELEMENTS

  • fixed length control field: 260216|| aca||aabn | a|a d

040 ## - CATALOGING SOURCE

  • Original cataloging agency: NUST
  • Transcribing agency: NUST

100 ## - HEADING--PERSONAL NAME

  • Personal name: Naila Hussain

670 ## - SOURCE DATA FOUND

  • Source citation: Work cat.: (NUST)351180: Naila Hussain , DASTKAARI AT KASHF FOUNDATION (A), 2005
© 2023 Central Library, National University of Sciences and Technology. All Rights Reserved.